000
00467nam a2200169Ia 4500
008
090711s9999 xx 000 0 und d
082
_b
44945
100
_a
प्रभु प्रकाश गो.
245
_a
पालखी
260
_c
1982
300
_a
124
600
_a
प्रभु प्रकाश गो.
630
_a
पालखी
700
_a
प्रभु प्रकाश गो.
730
_a
पालखी
942
_c
BOOK
999
_c
328061
_d
328061